000 00624nam a2200217 a 4500
001 83324
003 BD-RjUL
005 20240312141147.0
008 240312r19621959enk||||| |||| 00| 0 eng d
035 _a(BD-RjUL)83324
040 _aBD-RjUL
_beng
_cBD-RjUL
041 _aeng
082 _223
_a823.9
_bMAT 1962
100 _aMayne, William
_912248
245 _aThe thumbstick /
_cWilliam Mayne; Illustrated by Tessa Theobald.
260 _aLondon :
_bOxford university press,
_c1959 [reprinted 1959]
300 _a151 p.;
_c22 cm.
650 _aEnglish Fiction
700 _aTheobald, Tessa
_912253
942 _2ddc
_cBK
999 _c83324
_d83324